000 00311nam a22001337a 4500
008 170613b xxu||||| |||| 00| 0 eng d
020 _a9780822321484
041 _aeng
080 _a32
100 _a19
101 _aSHP
245 _aDEVELOPMENT CENTRAL EAST EUROPE POLITICS
_cWHITE.S
942 _2udc
_cBK
999 _c17196
_d17196